00244 a2200109 4500001000700000020000600007040001100013100002000024240004300044245003800087362000900125163975 a  cMagnum aBandeira, Pedro10aO monstro do mar: poluicao do marlpor10aO monstro do mar: poluicao do mar0 a1899